000 00371nam a22000977a 4500
100 _aतिवारी,अनामिका
_967921
245 _aहँसते नाटक गाते नाटक
260 _aनई दिल्‍ली
_bतनिष्‍क पब्लिशर्स
_c2016
650 _aचिल्‍ड्रन बुक
_9159
942 _cHIN
999 _c62990
_d62990